000 00711nam a2200241Ia 4500
003 OSt
005 20220923214354.0
006 a|||||r|||| 00| 0
007 ta
008 220922b |||||||| |||| 00| 0 hin d
024 _a169,244
037 _cTextual
040 _aARTS
_cARTS
_bhin
041 _2hin
_ahin
082 _aO152,1J03x, G0
100 _aनरोतम दास स्वामी
245 0 _aमीरा मन्दाकिनी
246 _aMīrā hindākinī
260 _c1930
650 _aहिन्दी साहित्य
_9156264
942 _hO152,1J03x, G0
_cTEXL
_2CC
999 _c323700
_d323700